| 000 | 00393nam a22001697a 4500 | ||
|---|---|---|---|
| 005 | 20160518095256.0 | ||
| 008 | 160518b xxu||||| |||| 00| 0 eng d | ||
| 020 | _a81-7446-557-X | ||
| 041 | _aeng | ||
| 082 | _b2716 | ||
| 100 |
_aMittal Vivek _9447 |
||
| 245 | _aBusiness Environment | ||
| 260 |
_aNew Delhi _bExcel Books, _c2007 |
||
| 300 | _a602 | ||
| 650 |
_aManagement _9241 |
||
| 942 | _cBK | ||
| 999 |
_c979 _d979 |
||